Εφαρμοσμένη στατική
Saved in:
| Main Author: | |
|---|---|
| Other Authors: | |
| Format: | Book |
| Language: | Greek Dutch |
| Published: |
Αθήνα :
Κλειδάριθμος,
c2005.
|
| Subjects: | |
| Tags: |
Add Tag
No Tags, Be the first to tag this record!
|
MARC
| LEADER | 00000cam a2200000 i 4500 | ||
|---|---|---|---|
| 001 | 1/6981 | ||
| 008 | 100428s2005 gr | ||| |||| ||gre|| | ||
| 020 | |a 9602098988 | ||
| 035 | |l 10107702 | ||
| 040 | |a GR-MyUA |b gre |e AACR2 | ||
| 041 | 1 | |a gre |h dut | |
| 082 | 0 | |a 620.1 |2 (22) | |
| 100 | 1 | |a Wagner, Walter. | |
| 245 | 1 | 0 | |a Εφαρμοσμένη στατική / |c Walter Wagner, Gerhard Erlhof. |
| 260 | |a Αθήνα : |b Κλειδάριθμος, |c c2005. | ||
| 300 | |a 444 σ. : |b σχέδια ; |c 24 εκ. | ||
| 500 | |a τόμος Ι | ||
| 500 | |a Τίτλος πρωτοτύπου: Practische baustatik. | ||
| 504 | |a Βιβλιογραφία: σ. 435. Ευρετήριο. | ||
| 650 | 0 | 0 | |a Structural analysis (Engineering) |
| 650 | 0 | 0 | |a Statics. |
| 650 | 0 | 0 | |a Strength of materials. |
| 700 | 1 | |a Erlhof, Gerhard. | |
| 852 | |a INST |b CHIOS |e 20100428 |h 620.1 WAG |p 005200029645 |q 005200029645 |t BK |y 0 |z τ.1 | ||
| 852 | |a INST |b CHIOS |e 20100428 |h 620.1 WAG |p 005200029653 |q 005200029653 |t BK |y 0 |z τ.1 | ||
| 852 | |a INST |b CHIOS |e 20100428 |h 620.1 WAG |p 005200029645 |q 005200029645 |t BK |v τ.1: |y 0 |z τ.1 | ||
| 852 | |a INST |b CHIOS |e 20100428 |h 620.1 WAG |p 005200029653 |q 005200029653 |t BK |v τ.1: |y 0 |z τ.1 | ||
| 853 | |a INST |b CHIOS |h 620.1 WAG | ||
| 901 | |a BIBL2-2010-1 | ||
| 909 | |a Χ |b 147999 | ||
| 909 | |a Χ |b 147998 | ||
| 970 | |a ΣΑΛΑΜΟΥΡΑ |b ΜΑΡΙΑ |z 2010/04/28 | ||